Представление документа в формате RUSMARC

ПолеНазваниеЗначение
  Тип записи a
  Библиографический уровень m
001 Контрольный номер RU/ГПНТБ России/KNIGADB/84(4Вел)-4/Л 91-212373883
005 Дата корректировки 20240410121218.0
010 Индекс ISBN __
a ISBN 978-5-699-81591-3 (в пер.)
d Цена 200-00, 3000 экз.
100 Данные общей обработки __
a Данные общей обработки 19200317d2015||||||| 0rusy0189 ca
101 Язык документа 1_
a Язык текста rus
c Язык оригинала eng
102 Страна публикации __
a Страна публикации RU|
102 Страна публикации __
a Страна публикации RU
105 Кодированные данные (монография) __
a Кодированные данные (монография) a|||||||000zy
200 Заглавие и сведения об ответственности 1_
a Заглавие Племянник чародея
e Сведения, относящиеся к заглавию [волшебная повесть из эпопеи "Хроники Нарнии"]
f Первые сведения об ответственности Клайв С. Льюис ; перевод [с английского] Натальи Трауберг ; иллюстрации Паулин Бэйнс
203 Вид содержания и тип средства __
a Вид содержания Текст
c Тип средства непосредственный
210 Выходные данные __
a Место издания Москва
c Издательство Эксмо
d Дата издания 2015
215 Физическое описание __
a Объем 159 с.
c Иллюстрации/тип воспроизводства ил.
d Формат 21 см
225 Серия __
a Серия Хроники Нарнии
300 Общие примечания __
a Общие примечания The Magician`s Nephew
330 Аннотация __
a Аннотация Древние мифы, старинные предания и волшебные сказки, детские впечатления и взрослые размышления английского писателя Клайва С. Льюиса легли в основу семи повестей эпопеи "Хроники Нарнии" - самой любимой и известной книги во всем мире. Иллюстрации Паулин Бейнс, которая официально признана "художником Нарнии", а также карты волшебной страны.
333 Примечание о целевом назначении __
a Примечание о целевом назначении 6+. Для детей старше шести лет
606 Тематические рубрики __
a Основная рубрика Художественная литература
606 Тематические рубрики __
a Основная рубрика Литература Европы (произведения)
y Географическая подрубрика Англия
y Географическая подрубрика Великобритания
610 Ключевые слова __
a Ключевые слова английская литература
610 Ключевые слова __
a Ключевые слова подростковая литература
610 Ключевые слова __
a Ключевые слова детская литература
610 Ключевые слова __
a Ключевые слова детское фэнтези
610 Ключевые слова __
a Ключевые слова фэнтези
610 Ключевые слова __
a Ключевые слова приключения
610 Ключевые слова __
a Ключевые слова повести
610 Ключевые слова __
a Ключевые слова приключенческие повести
686 Индексы других классификаций __
2 Код системы rubbks
a Классификационный индекс 84(4Вел)6-445
700 Автор _1
a Фамилия Льюис
b Имя К. С.
f Даты 1898-1963
g Полное личное имя Клайв Стейплз
4 Код отношения 070
702 Вторичная интеллектуальная ответственность _1
a Фамилия Трауберг
b Имя Н. Л.
4 Код отношения Переводчик
g Полное личное имя Наталья Леонидовна
4 Код отношения 730
702 Вторичная интеллектуальная ответственность _1
a Фамилия Бэйнс
b Имя П.
4 Код отношения Художник
f Даты 1922-2008
g Полное личное имя Паулин
4 Код отношения 040
801 Источник записи _0
a Страна RU
b Организация ГПНТБ России
c Дата составления 20200317
g Правила каталогизации PSBO
801 Источник записи _2
a Страна RU
b Организация Муниципальное бюджетное учреждение культуры "Централизованная библиотечная система" г. Сургут (Центральная городская библиотека им. А. С. Пушкина)
c Дата составления 20200317
852 Данные о местонахождении __
j Шифр хранения 84(4Вел)6-445
i Авторский знак Л 91
901 Тип документа __
a Ответственный КиК/Мамарузиева
t Тип документа m
903 Характеристики (МАРС) __
a Дата передачи 20200317
911 __
u 336a=Текст
911 __
u 337a=непосредственный
969 Тип издания __
a Тип издания издание для детей
990 Данные о заказе (DOS) __
j Количество экземпляров (DOS) 1
t N записи в КСУ для И/У (DOS) 202004